=LDR 00000nam 2200000 4500 =001 INLIS000000000061910 =005 20230206075118 =035 ##$$a 0010-0123000012 =007 ta =008 230206###########################0###### =082 ##$$a 435 =084 ##$$a 435 SCH a =100 #$$a Schneider, Rudolf =245 1#$$a Auf Deutsch gesagt : $b Kursus Bahasa Jerman Melalui Radio /$c Sedhono =250 ##$$a Ed. 3 =260 ##$$a Indonesia, Jerman :$b Goethe Institute =300 ##$$a 122 hal ; $c 21cm =990 ##$$a 3201344030